000 00666nam a22002055i 4500
001 164510
003 ES-MaACL
005 20230906212942.0
008 050805s1863 po | |||||||| ||por d
040 _aCAM
_bspa
_cCAM
100 1 _aSan Luiz, Francisco de.
_9132375
245 1 0 _aEnsaio sobre alguns synonymos da lingua portugueza /
_cpor Francisco de S. Luiz.
250 _a4ª ed.
260 _aLisboa :
_b[s.n.],
_c1863 (
_fTypographia da Academia)
300 _aVI, 223 p. ;
_c22 cm.
650 4 _aLengua portuguesa-
_xSinónimos.
_9224031
752 _aPortugal -
_dLisboa
852 _aES-MaACL
_jG-12772
_z-- Enc. pasta española
999 _c164510
_d164510